000 00582nam a2200205Ia 4500
003 GCL
008 140319s9999 xx 000 0 eng d
040 _aGCL /
_cGCL
082 0 4 _aCC
_b932.013
_bB K
100 1 _aBONNET, CHARLES
245 1 0 _aKERMA: TERRITOIRE ET METROPOLE: QUATRE LECONS AU COLLEGE DI FRANCE /
_cBONNET, CHARLES
260 _a[S.N] :
_bINSTITUT FRANCAIS D'ARCHEOLOGIE ORIENTAL ،
_c1986
300 _a50 P
650 0 4 _aNUBIA - HISTORY
650 0 4 _aEGYPT
650 0 4 _aANCIENT EGYPT
650 0 4 _aHISTORY
650 0 4 _aKERMA - HISTORY
942 _2ddc
_cBK
999 _c15502
_d15502